[Event "FIDE World Blitz 2014"]
[Site "Dubai UAE"]
[Date "2014.06.19"]
[Round "6.6"]
[White "Sargissian, Gabriel"]
[Black "Meier, Georg"]
[Result "1/2-1/2"]
[WhiteTitle "GM"]
[BlackTitle "GM"]
[WhiteElo "2686"]
[BlackElo "2632"]
[WhiteFideId "13300881"]
[BlackFideId "4675789"]
[EventDate "2014.06.19"]

1. Nf3 d5 2. d4 Nf6 3. c4 e6 4. Bg5 dxc4 5. Qa4+ c6 6. Qxc4 b5 7. Qc2 a6 8. Bxf6
gxf6 9. g3 Bb7 10. Bg2 Nd7 11. O-O c5 12. Rd1 Rc8 13. d5 Bxd5 14. Nc3 Bxf3 15.
Bxf3 Qc7 16. a4 b4 17. Ne4 f5 18. Rxd7 Kxd7 19. Qd2+ Bd6 20. Nf6+ Ke7 21. Qg5
Kf8 22. Qh6+ Ke7 23. Qh4 Kf8 24. Qh6+ Ke7 25. Qh4 Kf8 26. Qh6+ Ke7 27. Qh4 Kf8
28. Qh6+ Ke7 1/2-1/2

[Event "FIDE World Blitz 2014"]
[Site "Dubai UAE"]
[Date "2014.06.19"]
[Round "6.10"]
[White "Dubov, Daniil"]
[Black "Onischuk, Vladimir"]
[Result "1/2-1/2"]
[WhiteTitle "GM"]
[BlackTitle "GM"]
[WhiteElo "2614"]
[BlackElo "2594"]
[WhiteFideId "24126055"]
[BlackFideId "14114038"]
[EventDate "2014.06.19"]

1. Nf3 Nf6 2. g3 g6 3. b3 Bg7 4. Bb2 O-O 5. Bg2 d6 6. d4 Nbd7 7. O-O Re8 8. d5
c5 9. c4 b5 10. Nbd2 Ba6 11. Qc2 Rb8 12. Bc3 Nb6 13. Rac1 bxc4 14. bxc4 Qd7 15.
Ba1 Qa4 16. Qb3 Rb7 17. Rfe1 Qd7 18. Qc2 Qa4 19. Qb3 Qd7 20. Qc2 Qa4 21. e4 Qxc2
22. Rxc2 Nfd7 23. Bxg7 Kxg7 24. e5 Reb8 25. e6 Nf6 26. exf7 Kxf7 27. h4 h6 28.
Bf1 Na4 29. Nb3 Rb4 30. Nfd2 Bc8 31. Re3 Nb6 32. Bd3 Nbd7 33. Rc1 Ne5 34. Be2 g5
35. hxg5 hxg5 36. Nxc5 Rb2 37. Ncb3 Rxa2 38. f4 gxf4 39. gxf4 Ng6 40. Rf1 Nh4
41. Rf2 Nf5 42. Rc3 Ra3 43. Rff3 a5 44. Kf2 a4 45. Nc1 Rxc3 46. Rxc3 Rb2 47. Ke1
Nd4 48. Bd1 Bd7 49. Ra3 Rc2 50. Nd3 Ng4 51. Bxg4 Bxg4 52. Rxa4 Rc3 53. Nb4 Re3+
54. Kf1 Bh3+ 55. Kf2 Re2+ 56. Kg3 Bf5 57. Nf1 Be4 58. Ra2 Nf5+ 59. Kh3 Bg2+ 60.
Kg4 Nh6+ 61. Kg5 Bxf1 62. Rxe2 Bxe2 63. Kxh6 Bxc4 64. Kg5 e6 65. dxe6+ Bxe6 1/2-1/2

[Event "FIDE World Blitz 2014"]
[Site "Dubai UAE"]
[Date "2014.06.19"]
[Round "6.12"]
[White "Cheparinov, Ivan"]
[Black "Iturrizaga Bonelli, Eduardo"]
[Result "1-0"]
[WhiteTitle "GM"]
[BlackTitle "GM"]
[WhiteElo "2682"]
[BlackElo "2653"]
[WhiteFideId "2905540"]
[BlackFideId "3901211"]
[EventDate "2014.06.19"]

1. d4 Nf6 2. c4 c5 3. d5 b5 4. cxb5 a6 5. bxa6 g6 6. Nc3 Bxa6 7. Nf3 d6 8. e4
Bxf1 9. Kxf1 Nbd7 10. g3 Bg7 11. Kg2 O-O 12. a4 Ra6 13. Qc2 Qa8 14. Ra3 Rc8 15.
h3 e6 16. dxe6 fxe6 17. Re1 Rf8 18. Nb5 Qc6 19. Bf4 d5 20. exd5 Nxd5 21. Bd6 Rf6
22. Kg1 Nb4 23. Qe2 Ra5 24. Ne5 Nxe5 25. Bxe5 Rf5 26. Bxg7 Kxg7 27. Qxe6 Qxe6
28. Rxe6 Rd5 29. Nd6 Rd1+ 30. Kg2 Nd3 31. Nc4 Ra7 32. Rd6 Ne1+ 33. Kf1 Rc1 34.
Rc3 Nc2+ 35. Ke2 Nd4+ 36. Kd2 Rf1 37. Nb6 Rxf2+ 38. Kd3 Rxb2 39. Rxc5 Nf5 40.
Rd7+ Rxd7+ 41. Nxd7 Rb3+ 42. Rc3 Rb4 43. Nc5 Rd4+ 44. Kc2 Nd6 45. Kb3 Kh6 46.
Rd3 Rc4 47. Nb7 1-0

[Event "FIDE World Blitz 2014"]
[Site "Dubai UAE"]
[Date "2014.06.19"]
[Round "6.13"]
[White "Radjabov, Teimour"]
[Black "Anton Guijarro, David"]
[Result "1-0"]
[WhiteTitle "GM"]
[BlackTitle "GM"]
[WhiteElo "2724"]
[BlackElo "2631"]
[WhiteFideId "13400924"]
[BlackFideId "2285525"]
[EventDate "2014.06.19"]

1. d4 Nf6 2. Nc3 d5 3. Bf4 c6 4. e3 Bf5 5. Nf3 e6 6. Be2 h6 7. O-O Nbd7 8. Bd3
Bxd3 9. Qxd3 Bb4 10. a3 Bxc3 11. Qxc3 Ne4 12. Qd3 g5 13. Bg3 h5 14. Nd2 Nxd2 15.
Qxd2 h4 16. Be5 f6 17. Bd6 Kf7 18. a4 Nb6 19. Bb4 Nc4 20. Qc1 a5 21. Ba3 Nd6 22.
Bxd6 Qxd6 23. Qd2 e5 24. Rad1 e4 25. f3 Qe6 26. f4 g4 27. b3 g3 28. h3 Qf5 29.
c4 Rhd8 30. Qe2 Kg6 31. Rc1 Qh5 32. f5+ Kh6 33. Qb2 Rd7 34. Rf4 Rg8 35. Rcf1 c5
36. cxd5 Rxd5 37. dxc5 Rf8 38. Rxe4 Rd1 39. Rf4 Rxf1+ 40. Rxf1 Kg7 41. Qd4 Rf7
42. Rf4 Re7 43. Rg4+ Kf7 44. Qd5+ 1-0

[Event "FIDE World Blitz 2014"]
[Site "Dubai UAE"]
[Date "2014.06.19"]
[Round "6.14"]
[White "Aronian, Levon"]
[Black "Eljanov, Pavel"]
[Result "1-0"]
[WhiteTitle "GM"]
[BlackTitle "GM"]
[WhiteElo "2815"]
[BlackElo "2723"]
[WhiteFideId "13300474"]
[BlackFideId "14102951"]
[EventDate "2014.06.19"]

1. d4 Nf6 2. c4 e6 3. Nf3 b6 4. g3 Bb7 5. Bg2 Be7 6. O-O O-O 7. Re1 Na6 8. Nc3
Ne4 9. Bd2 d6 10. d5 Nxd2 11. Nxd2 e5 12. a3 Nc5 13. b4 Nd7 14. c5 bxc5 15. Nb3
Rb8 16. Na5 Ba8 17. Nc6 Bxc6 18. dxc6 cxb4 19. axb4 Nf6 20. Rxa7 Rxb4 21. Nd5
Nxd5 22. Bxd5 e4 23. Rb7 Rxb7 24. cxb7 e3 25. Qa4 exf2+ 26. Kxf2 c6 27. Qxc6 Bf6
28. e3 Qb8 29. Rc1 Bb2 30. Rc4 Ba3 31. Ra4 1-0

[Event "FIDE World Blitz 2014"]
[Site "Dubai UAE"]
[Date "2014.06.19"]
[Round "6.15"]
[White "Anand, Viswanathan"]
[Black "Kasimdzhanov, Rustam"]
[Result "1-0"]
[WhiteTitle "GM"]
[BlackTitle "GM"]
[WhiteElo "2785"]
[BlackElo "2700"]
[WhiteFideId "5000017"]
[BlackFideId "14200244"]
[EventDate "2014.06.19"]

1. d4 Nf6 2. c4 e6 3. Nf3 d5 4. Nc3 Be7 5. Bg5 h6 6. Bh4 O-O 7. e3 Ne4 8. Bxe7
Qxe7 9. cxd5 Nxc3 10. bxc3 exd5 11. Qb3 c6 12. a4 Nd7 13. Bd3 Nf6 14. O-O Ne8
15. a5 Nd6 16. Qb4 Re8 17. Rfc1 Be6 18. Ne5 a6 19. c4 dxc4 20. Nxc4 Nxc4 21.
Qxe7 Rxe7 22. Bxc4 Bxc4 23. Rxc4 Rd8 24. Rc5 Red7 25. Kf1 Rd5 26. Rac1 Kf8 27.
Ke2 Ke7 28. Kd3 R8d7 29. h4 h5 30. f3 g6 31. R1c4 Kd8 32. e4 Rxc5 33. Rxc5 Kc7
34. g4 hxg4 35. fxg4 b6 36. axb6+ Kxb6 37. h5 gxh5 38. gxh5 Rd6 39. Rf5 Rh6 40.
e5 a5 41. d5 a4 42. d6 a3 43. Kc3 Rh8 44. Kb3 Kc5 45. h6 Kd5 46. Rxf7 Kxe5 47.
d7 Kd6 48. Kxa3 Kc7 49. h7 Rb8 50. Rg7 1-0

[Event "FIDE World Blitz 2014"]
[Site "Dubai UAE"]
[Date "2014.06.19"]
[Round "6.17"]
[White "Potkin, Vladimir"]
[Black "Korobov, Anton"]
[Result "1-0"]
[WhiteTitle "GM"]
[BlackTitle "GM"]
[WhiteElo "2621"]
[BlackElo "2680"]
[WhiteFideId "4131061"]
[BlackFideId "14105730"]
[EventDate "2014.06.19"]

1. d4 Nf6 2. c4 e6 3. Nf3 d5 4. Nc3 c6 5. e3 Nbd7 6. Qc2 a6 7. Bd2 Bd6 8. e4
dxe4 9. Nxe4 Nxe4 10. Qxe4 c5 11. dxc5 Nxc5 12. Qc2 e5 13. b4 Ne6 14. c5 Bc7 15.
Rd1 Qf6 16. Bd3 Bd7 17. O-O Rd8 18. Rfe1 h6 19. Be4 Bc8 20. Bc3 Rxd1 21. Qxd1
Ke7 22. Qb3 Rd8 23. a4 Kf8 24. Qc4 Nd4 25. Bxd4 exd4 26. b5 axb5 27. axb5 g5 28.
b6 Bb8 29. g3 h5 30. Nd2 h4 31. Bg2 h3 32. Bf3 g4 33. Bh1 d3 34. c6 bxc6 35.
Qxc6 Be6 36. b7 Ba7 37. Rf1 Qd4 38. Qc7 Bb8 39. Qa5 Ke7 40. Qg5+ Qf6 41. Qxf6+
Kxf6 42. Rc1 Ke7 43. Kf1 Bd6 44. Ne4 Bb4 45. Rd1 d2 46. Nxd2 Bc4+ 47. Kg1 Bxd2
48. Be4 1-0

[Event "FIDE World Blitz 2014"]
[Site "Dubai UAE"]
[Date "2014.06.19"]
[Round "6.19"]
[White "Gundavaa, Bayarsaikhan"]
[Black "Tkachiev, Vladislav"]
[Result "1/2-1/2"]
[WhiteTitle "GM"]
[BlackTitle "GM"]
[WhiteElo "2501"]
[BlackElo "2625"]
[WhiteFideId "4901045"]
[BlackFideId "618438"]
[EventDate "2014.06.19"]

1. e4 e5 2. Nf3 Nc6 3. Nc3 Nf6 4. d4 exd4 5. Nxd4 Bb4 6. Nxc6 bxc6 7. Bd3 O-O 8.
O-O d5 9. exd5 cxd5 10. h3 Re8 11. Qf3 Rb8 12. Bf4 Bd6 13. b3 Be6 14. Rad1 Bxf4
15. Qxf4 c5 16. Ne2 Qa5 17. Ng3 c4 18. Bf5 Qxa2 19. Ra1 Qb2 20. Bxe6 fxe6 21.
bxc4 dxc4 22. Rxa7 Qxc2 23. Qc7 Qg6 24. Qxc4 Rb1 1/2-1/2

[Event "FIDE World Blitz 2014"]
[Site "Dubai UAE"]
[Date "2014.06.19"]
[Round "6.20"]
[White "Tomashevsky, Evgeny"]
[Black "Adly, Ahmed"]
[Result "1-0"]
[WhiteTitle "GM"]
[BlackTitle "GM"]
[WhiteElo "2695"]
[BlackElo "2594"]
[WhiteFideId "4147235"]
[BlackFideId "10601619"]
[EventDate "2014.06.19"]

1. Nf3 d5 2. d4 Nf6 3. c4 e6 4. g3 dxc4 5. Bg2 c5 6. O-O Nc6 7. dxc5 Qxd1 8.
Rxd1 Bxc5 9. Nbd2 c3 10. bxc3 e5 11. Nb3 Be7 12. c4 Be6 13. c5 h6 14. Bb2 Nd7
15. Nfd2 a5 16. a4 O-O 17. Ba3 Rfd8 18. Rab1 Nf6 19. Rdc1 Rac8 20. Nc4 Bxc4 21.
Rxc4 Nd5 22. Rd1 Nb6 23. Rxd8+ Rxd8 24. Rc1 Nxa4 25. Bxc6 bxc6 26. Nxa5 Rd5 27.
Nb3 Rd8 28. Na5 Rd5 29. e4 Rd3 30. Nxc6 Bg5 31. Ra1 Rb3 32. Bb4 Nc3 33. Bxc3
Rxc3 34. Nxe5 Rxc5 35. Ra8+ Kh7 36. Nxf7 Bf6 37. Nd6 Rc2 38. Ra4 Rd2 39. Nf5 h5
40. h4 g6 41. Ne3 Bd4 42. Ra3 Kg7 43. Kg2 Rb2 44. Kf3 Bc5 45. Rc3 Bd4 46. Rd3
Bb6 47. Rd7+ Kf8 48. Rd3 Kf7 49. Kg2 Bc5 50. Nd1 Re2 51. Rf3+ Ke6 52. Nc3 Rc2
53. Nd5 Ke5 54. Nf4 Kxe4 55. Nxg6 Bd4 56. Nf4 Rc5 57. Ne6 Re5 58. Rf4+ Kd5 59.
Nxd4 1-0

[Event "FIDE World Blitz 2014"]
[Site "Dubai UAE"]
[Date "2014.06.19"]
[Round "6.21"]
[White "Efimenko, Zahar"]
[Black "Andriasian, Zaven"]
[Result "1/2-1/2"]
[WhiteTitle "GM"]
[BlackTitle "GM"]
[WhiteElo "2648"]
[BlackElo "2611"]
[WhiteFideId "14107201"]
[BlackFideId "13302000"]
[EventDate "2014.06.19"]

1. Nf3 Nf6 2. g3 d5 3. Bg2 Bg4 4. O-O Nbd7 5. d3 c6 6. Nbd2 e5 7. e4 Bd6 8. h3
Bh5 9. exd5 cxd5 10. c4 O-O 11. cxd5 Nxd5 12. Qb3 N5b6 13. Ne4 Bxf3 14. Bxf3 Nc5
15. Nxc5 Bxc5 16. Kg2 Qd7 17. a4 Rad8 18. a5 Nd5 19. Bg5 f6 20. Bd2 Kh8 21. Rac1
Bd4 22. Rc2 b6 23. a6 Bc5 24. Qc4 Qd6 25. Rd1 Nb4 26. Bxb4 Bxb4 27. Qc7 Rd7 28.
Qxd6 Bxd6 29. d4 Bb8 30. dxe5 Rxd1 31. Bxd1 Bxe5 32. b4 g6 33. b5 Kg7 34. Bf3
Kf7 35. Bd5+ Ke7 36. f4 Bd6 37. Re2+ Kd7 38. Bc6+ Kc7 39. Re6 Bc5 40. g4 Bd6 41.
Kf3 h6 42. h4 g5 43. hxg5 hxg5 44. f5 Bc5 45. Ke4 Rf7 46. Kd5 Rf8 47. Be8 Kd8
48. Bg6 Kd7 49. Re2 Be7 50. Rc2 Rc8 51. Rxc8 Kxc8 52. Ke6 Bd8 53. Be8 Kc7 54.
Bc6 Kc8 55. Kf7 Kb8 56. Ke8 Bc7 57. Ke7 Be5 1/2-1/2

[Event "FIDE World Blitz 2014"]
[Site "Dubai UAE"]
[Date "2014.06.19"]
[Round "6.23"]
[White "Bartel, Mateusz"]
[Black "Caruana, Fabiano"]
[Result "0-1"]
[WhiteTitle "GM"]
[BlackTitle "GM"]
[WhiteElo "2641"]
[BlackElo "2791"]
[WhiteFideId "1112635"]
[BlackFideId "2020009"]
[EventDate "2014.06.19"]

1. g3 g6 2. Bg2 Bg7 3. e4 c5 4. Ne2 Nc6 5. c3 e6 6. d4 cxd4 7. cxd4 d5 8. e5
Nge7 9. O-O O-O 10. Nbc3 b6 11. f4 Ba6 12. Be3 Rc8 13. g4 f5 14. h3 Qd7 15. Rf2
Rc7 16. Kh2 Rfc8 17. Qh1 Nb4 18. Nc1 Nd3 19. Nxd3 Bxd3 20. g5 Be4 21. h4 b5 22.
h5 b4 23. Ne2 Rc2 24. b3 Rb2 25. Bc1 Rbc2 26. Be3 Qb5 27. Qe1 gxh5 28. Ng3 Rxf2
29. Bxf2 h4 30. Nh5 Rc2 31. Rc1 Rxc1 32. Qxc1 Qe2 33. Bxe4 fxe4 34. Kg1 Qxh5 35.
Qc5 Bf8 36. Qxb4 Qg4+ 37. Kf1 h3 0-1

[Event "FIDE World Blitz 2014"]
[Site "Dubai UAE"]
[Date "2014.06.19"]
[Round "6.24"]
[White "Savchenko, Boris"]
[Black "Ragger, Markus"]
[Result "0-1"]
[WhiteTitle "GM"]
[BlackTitle "GM"]
[WhiteElo "2581"]
[BlackElo "2632"]
[WhiteFideId "4147332"]
[BlackFideId "1610856"]
[EventDate "2014.06.19"]

1. e4 e5 2. Nf3 Nc6 3. Bb5 a6 4. Ba4 Nf6 5. O-O Be7 6. Re1 b5 7. Bb3 O-O 8. d3
d6 9. h3 Na5 10. Nc3 Bb7 11. Bd5 c6 12. Bxf7+ Rxf7 13. b4 h6 14. a4 c5 15. bxa5
b4 16. Nb1 Qxa5 17. Nbd2 Raf8 18. Nc4 Qd8 19. Ne3 Bc8 20. Nh2 d5 21. exd5 Nxd5
22. Nxd5 Qxd5 23. Be3 c4 24. dxc4 Qxc4 25. a5 Bc5 26. f3 Bf5 27. Rc1 Rc8 28. Nf1
e4 29. f4 Be6 30. Kh2 Qb5 31. Ng3 Bxe3 32. Rxe3 Rxf4 33. Qd6 Rf6 34. Nxe4 Rg6
35. Rg3 Qf5 36. Rxg6 Qxg6 37. Nc5 Bf5 38. Qd5+ Kh7 39. Rb1 Bxc2 40. Rxb4 Rc6 41.
Rc4 Bf5 42. Rc3 Qd6+ 43. Qxd6 Rxd6 44. Nb7 Rd2 45. Re3 Ra2 46. Re5 Bd7 47. Nd8
Bb5 48. Re7 Bf1 49. Kg1 Bxg2 50. Ne6 Bxh3 51. Nxg7 Rg2+ 0-1

[Event "FIDE World Blitz 2014"]
[Site "Dubai UAE"]
[Date "2014.06.19"]
[Round "6.25"]
[White "Yu, Yangyi"]
[Black "Yudin, Sergei"]
[Result "0-1"]
[WhiteTitle "GM"]
[BlackTitle "GM"]
[WhiteElo "2675"]
[BlackElo "2546"]
[WhiteFideId "8603820"]
[BlackFideId "4159659"]
[EventDate "2014.06.19"]

1. e4 d6 2. d4 Nf6 3. Nc3 e5 4. Nf3 Nbd7 5. Bc4 Be7 6. O-O O-O 7. Re1 c6 8. a4
a5 9. Ba2 exd4 10. Nxd4 Nc5 11. h3 Be6 12. Nxe6 fxe6 13. Be3 d5 14. e5 Nfd7 15.
f4 Na6 16. Qg4 Rf5 17. Ne2 h5 18. Qf3 Nxe5 19. Qf1 Ng6 20. Ng3 Rf7 21. Nxh5 e5
22. c3 Nxf4 23. Bxf4 exf4 24. Bb1 Bc5+ 25. Kh1 Qg5 26. Qf3 Be3 27. Bc2 Nc5 28.
g3 fxg3 29. Bh7+ Kf8 30. Qxe3 g2+ 31. Kg1 Rf1+ 32. Kh2 g1=Q+ 33. Qxg1 Qxg1# 0-1

[Event "FIDE World Blitz 2014"]
[Site "Dubai UAE"]
[Date "2014.06.19"]
[Round "6.26"]
[White "Goloshchapov, Alexander"]
[Black "Karjakin, Sergey"]
[Result "0-1"]
[WhiteTitle "GM"]
[BlackTitle "GM"]
[WhiteElo "2586"]
[BlackElo "2771"]
[WhiteFideId "14103222"]
[BlackFideId "14109603"]
[EventDate "2014.06.19"]

1. d4 Nf6 2. c4 e6 3. Nf3 b6 4. g3 Ba6 5. b3 Bb4+ 6. Bd2 Be7 7. Bg2 c6 8. Bc3 d5
9. Nbd2 Nbd7 10. O-O O-O 11. Qc2 c5 12. e4 dxc4 13. Nxc4 b5 14. Ba5 Qe8 15. Ne3
Bb7 16. d5 exd5 17. exd5 Bd8 18. Bc3 Bc7 19. Rfe1 Qb8 20. Rad1 Re8 21. Nf5 Rxe1+
22. Rxe1 Bd6 23. N3h4 Bf8 24. Ne7+ Bxe7 25. Rxe7 g6 26. Qd2 Qf8 27. d6 Bxg2 28.
Nxg2 Re8 29. Qe2 Rxe7 30. dxe7 Qb8 31. Nf4 Ne8 32. Nd5 b4 33. Ba1 Qd6 34. Qe4 f6
35. Qc4 Kg7 36. g4 Nb6 37. Nxb6 axb6 38. Qe2 Kf7 39. h3 Qxe7 40. Qc4+ Qe6 41.
Qc1 Nc7 42. Qh6 Kg8 43. Kh2 Nd5 44. Qd2 Qe4 45. Kg1 Kf7 46. Bb2 g5 47. Qd1 Nf4
48. f3 Qe3+ 49. Kf1 Nd3 0-1

[Event "FIDE World Blitz 2014"]
[Site "Dubai UAE"]
[Date "2014.06.19"]
[Round "6.27"]
[White "Nguyen, Ngoc Truong Son"]
[Black "Jobava, Baadur"]
[Result "1/2-1/2"]
[WhiteTitle "GM"]
[BlackTitle "GM"]
[WhiteElo "2621"]
[BlackElo "2713"]
[WhiteFideId "12401110"]
[BlackFideId "13601520"]
[EventDate "2014.06.19"]

1. d4 d6 2. Bf4 Nf6 3. e3 Bf5 4. Bd3 e6 5. Ne2 Be7 6. Nbc3 O-O 7. e4 Bg6 8. f3
Nbd7 9. Be3 c5 10. dxc5 Nxc5 11. Nf4 Rc8 12. O-O Nfd7 13. Nce2 Ne5 14. Qd2 Qc7
15. Rfd1 Rfd8 16. Nd4 a6 17. Bf1 Qb8 18. c4 Nc6 19. Rac1 Nd7 20. b3 Nde5 21.
Nxc6 bxc6 22. c5 dxc5 23. Qc2 Bg5 24. Rxd8+ Rxd8 25. Rd1 Rxd1 26. Qxd1 h6 27.
Qd2 a5 28. Kf2 Bxe4 29. fxe4 Ng4+ 30. Kf3 Nxe3 31. Qxe3 e5 32. g3 exf4 33. gxf4
Be7 34. Bc4 Qc8 35. Kg3 h5 36. h3 h4+ 37. Kg2 Qd8 38. Qd3 Qd4 39. Qxd4 cxd4 40.
Kf3 Bb4 41. e5 Kf8 42. Kg4 Be1 43. f5 Ke7 44. Kf4 c5 45. Ke4 Bg3 46. Kd5 Bf4 47.
a3 1/2-1/2

[Event "FIDE World Blitz 2014"]
[Site "Dubai UAE"]
[Date "2014.06.19"]
[Round "6.28"]
[White "Movsesian, Sergei"]
[Black "Salgado Lopez, Ivan"]
[Result "1-0"]
[WhiteTitle "GM"]
[BlackTitle "GM"]
[WhiteElo "2672"]
[BlackElo "2622"]
[WhiteFideId "310204"]
[BlackFideId "2257327"]
[EventDate "2014.06.19"]

1. g3 d5 2. Nf3 c6 3. Bg2 Bf5 4. O-O e6 5. c4 Nd7 6. d3 dxc4 7. dxc4 Ngf6 8. Nc3
h6 9. Be3 Bc5 10. Nd4 Bh7 11. Na4 Be7 12. Qb3 Qc8 13. h3 O-O 14. Rfd1 Be4 15. f3
Bg6 16. Bf2 Nc5 17. Qa3 Nxa4 18. Qxe7 Nxb2 19. Rdc1 Na4 20. e4 Re8 21. Qa3 Nb6
22. Rab1 e5 23. Nb3 Nbd7 24. Rd1 h5 25. h4 Nf8 26. Rd6 Qc7 27. Na5 Reb8 28. c5
Ne8 29. Rd2 b6 30. Nc4 Ne6 31. cxb6 axb6 32. Qc3 c5 33. Nxe5 Bh7 34. f4 Ra4 35.
Rd7 Qc8 36. Rxf7 Bxe4 37. Bxe4 Rxe4 38. Qf3 Ra4 39. Qxh5 Nd6 40. Re7 Nd8 41. Rd1
Rxa2 1-0

[Event "FIDE World Blitz 2014"]
[Site "Dubai UAE"]
[Date "2014.06.19"]
[Round "6.31"]
[White "Michalik, Peter"]
[Black "Amin, Bassem"]
[Result "1-0"]
[WhiteTitle "GM"]
[BlackTitle "GM"]
[WhiteElo "2557"]
[BlackElo "2635"]
[WhiteFideId "14907526"]
[BlackFideId "10601457"]
[EventDate "2014.06.19"]

1. d4 e6 2. c4 f5 3. g3 Nf6 4. Bg2 Be7 5. Nf3 O-O 6. O-O d6 7. b3 Qe8 8. Bb2 Qg6
9. Nc3 Ne4 10. Nd2 Nxd2 11. Qxd2 c6 12. d5 cxd5 13. cxd5 e5 14. f4 Na6 15. Rac1
exf4 16. gxf4 Bd7 17. Kh1 Bf6 18. Rg1 Qh6 19. Ba3 b6 20. Bf3 Nc5 21. b4 Nb7 22.
Bb2 a5 23. a3 axb4 24. axb4 Rac8 25. e3 Rfe8 26. Nd1 Rxc1 27. Qxc1 Rc8 28. Qa1
Bxb2 29. Qxb2 Nd8 30. Qd4 Rc2 31. Rg2 Rxg2 32. Kxg2 Qg6+ 33. Kf2 b5 34. Nc3 Nf7
35. Qa7 Be8 36. Nxb5 Qf6 37. Nd4 Qh4+ 38. Kg2 Nh6 39. Qb8 Kf7 40. Qxd6 Qe1 41.
Qe6+ Kf8 42. Nxf5 Qd2+ 43. Kh3 Nxf5 44. Qxf5+ Ke7 45. Qe5+ Kd8 46. Bg4 Qxb4 47.
Qxg7 Qe4 48. Qf6+ Kc7 49. Qe5+ Qxe5 50. fxe5 Kb6 51. d6 Kc6 52. Kh4 Kd5 1-0

[Event "FIDE World Blitz 2014"]
[Site "Dubai UAE"]
[Date "2014.06.19"]
[Round "6.32"]
[White "Safarli, Eltaj"]
[Black "Breckenridge, Steven James"]
[Result "1-0"]
[WhiteTitle "GM"]
[BlackTitle "FM"]
[WhiteElo "2649"]
[BlackElo "2299"]
[WhiteFideId "13402129"]
[BlackFideId "2043700"]
[EventDate "2014.06.19"]

1. e4 e5 2. Nc3 Nf6 3. g3 d5 4. exd5 Nxd5 5. Bg2 Nb6 6. Nf3 Nc6 7. O-O Be7 8.
Re1 f6 9. d4 exd4 10. Nb5 O-O 11. Nfxd4 Nxd4 12. Qxd4 Qxd4 13. Nxd4 Bd8 14. Bf4
Kf7 15. c4 c6 16. c5 Nd5 17. Bxd5+ cxd5 18. Nb5 g5 19. Bd6 Re8 20. Rxe8 Kxe8 21.
Re1+ Kd7 22. Nd4 b6 23. b4 a5 24. b5 bxc5 25. Bxc5 a4 26. Re6 Rb8 27. Rd6+ Kc7
28. Rxd5 Bd7 29. Bd6+ 1-0

[Event "FIDE World Blitz 2014"]
[Site "Dubai UAE"]
[Date "2014.06.19"]
[Round "6.33"]
[White "Nielsen, Peter Heine"]
[Black "Moradiabadi, Elshan"]
[Result "0-1"]
[WhiteTitle "GM"]
[BlackTitle "GM"]
[WhiteElo "2654"]
[BlackElo "2586"]
[WhiteFideId "1400355"]
[BlackFideId "12501255"]
[EventDate "2014.06.19"]

1. d4 e6 2. c4 Bb4+ 3. Nd2 Nc6 4. Nf3 Nf6 5. g3 d5 6. Bg2 dxc4 7. O-O c3 8. Nc4
O-O 9. a3 cxb2 10. Bxb2 Be7 11. Rc1 a5 12. Qc2 Ra6 13. e4 b5 14. Ne3 b4 15. a4
b3 16. Qb1 Nb4 17. Rfd1 Bb7 18. Ne5 Nd7 19. N5c4 Na2 20. d5 Nxc1 21. Qxc1 exd5
22. Nxd5 Bxd5 23. Rxd5 c6 24. Rd3 Qc7 25. Qc3 f6 26. Qxb3 Nc5 27. Qc2 Nxd3 28.
Qxd3 Raa8 29. e5 fxe5 30. Bxe5 Qd8 31. Qc2 Bf6 32. Bd6 Re8 33. Bxc6 Re1+ 34. Kg2
Rc8 35. Qd3 Kh8 36. Bd5 Qe8 37. Bf4 Qe2 38. Qxe2 Rxe2 39. Nd6 Rf8 40. Nf7+ Rxf7
41. Bxf7 Bd4 42. Kf3 Rxf2+ 43. Ke4 Bc3 44. h4 Rb2 45. Kd3 Bb4 46. Bc4 Rb1 47.
Ke2 Re1+ 48. Kf3 Re8 49. Bb5 Rf8 50. Ke4 h6 51. Bc4 Kh7 52. h5 Re8+ 53. Kf5 Rd8
54. Bb5 Bd6 55. Bd2 Bc7 56. Bc3 Bb6 57. g4 Rf8+ 58. Ke4 Bc7 59. Bd2 Rd8 60. Be3
Kh8 61. Kf5 Rf8+ 62. Ke4 Rd8 63. Kf5 Bd6 64. Bb6 Rf8+ 65. Ke6 Rf6+ 66. Kd5 Bb4
67. Bd7 Rxb6 68. Kd4 0-1

[Event "FIDE World Blitz 2014"]
[Site "Dubai UAE"]
[Date "2014.06.19"]
[Round "6.35"]
[White "Debashis, Das"]
[Black "Lenic, Luka"]
[Result "1-0"]
[WhiteTitle "GM"]
[BlackTitle "GM"]
[WhiteElo "2484"]
[BlackElo "2659"]
[WhiteFideId "5024854"]
[BlackFideId "14603853"]
[EventDate "2014.06.19"]

1. d4 Nf6 2. c4 e6 3. Nf3 d5 4. Nc3 c5 5. cxd5 Nxd5 6. e4 Nxc3 7. bxc3 cxd4 8.
cxd4 Bb4+ 9. Bd2 Bxd2+ 10. Qxd2 O-O 11. Be2 b6 12. Rc1 Bb7 13. Qe3 Nd7 14. O-O
Rc8 15. h3 Qe7 16. Rfd1 Rfd8 17. Qf4 Qf6 18. Qe3 Qe7 19. Qf4 Nf8 20. Qe3 Ng6 21.
Rc4 Rxc4 22. Bxc4 h6 23. Bb3 Bc6 24. Rc1 Qb7 25. d5 exd5 26. Nd4 Be8 27. Bxd5
Qe7 28. Nf5 Qe5 29. g3 Ne7 30. Nxe7+ Qxe7 31. Qc3 Kf8 32. h4 Qd6 33. Kg2 a5 34.
Rb1 a4 35. Qd4 b5 36. Rc1 Qe7 37. Qb6 Qd6 38. Qa7 b4 39. Rc7 Qf6 40. e5 Qxe5 41.
Rxf7+ Kg8 42. Rxg7+ Kf8 43. Rg8# 1-0

[Event "FIDE World Blitz 2014"]
[Site "Dubai UAE"]
[Date "2014.06.19"]
[Round "6.37"]
[White "Kovalev, Vladislav"]
[Black "Najer, Evgeniy"]
[Result "1/2-1/2"]
[WhiteTitle "GM"]
[BlackTitle "GM"]
[WhiteElo "2554"]
[BlackElo "2653"]
[WhiteFideId "13504398"]
[BlackFideId "4118987"]
[EventDate "2014.06.19"]

1. e4 e5 2. Nf3 Nc6 3. Bc4 Nf6 4. Ng5 d5 5. exd5 Na5 6. Bb5+ c6 7. dxc6 bxc6 8.
Bd3 Nd5 9. Nf3 Nf4 10. O-O Bg4 11. Re1 Bd6 12. b4 Nb7 13. Ba6 Qb6 14. Bxb7 Qxb7
15. d4 O-O-O 16. Bxf4 exf4 17. c3 Rhe8 18. Nbd2 Rxe1+ 19. Qxe1 Qa6 20. Qf1 Qxf1+
21. Rxf1 Kc7 22. Re1 f6 23. Ne4 a5 24. a3 axb4 25. axb4 Ra8 26. Nfd2 Bf8 27. f3
Bh5 28. Nc4 Bf7 29. Na5 Bd5 30. Kf2 h5 31. Nc5 Bxc5 32. dxc5 Kd7 33. Rd1 Kc7 34.
h4 g5 35. hxg5 fxg5 36. Re1 Kd7 37. Re5 g4 38. Rxh5 g3+ 39. Kf1 Re8 40. Rf5 Re3
41. c4 Bxf3 42. gxf3 Rxf3+ 43. Kg1 Rf2 44. b5 f3 45. bxc6+ Ke7 46. c7 Rg2+ 47.
Kf1 Rf2+ 48. Kg1 Rg2+ 49. Kf1 Rf2+ 50. Kg1 Rg2+ 51. Kf1 Rf2+ 52. Kg1 Rg2+ 53.
Kf1 Rf2+ 54. Kg1 Rg2+ 55. Kf1 Rf2+ 56. Kg1 Rg2+ 57. Kf1 Rf2+ 58. Ke1 Re2+ 59.
Kd1 g2 1/2-1/2